[Event "VIE-ch U15"]
[Site "Ho Chi Minh City"]
[Date "2014.07.13"]
[Round "1"]
[White "Nguyen, Huynh Tuan Hai"]
[Black "Thai, Gia Bao"]
[Result "1-0"]
[WhiteElo "1881"]
[BlackElo "1867"]
[PlyCount "45"]
[EventDate "2014.07.13"]
[EventType "swiss"]
[EventRounds "9"]
[EventCountry "VIE"]
[SourceTitle "EXT 2016"]
[Source "ChessBase"]
[SourceDate "2015.10.08"]
[SourceVersion "1"]
[SourceVersionDate "2015.10.08"]
[SourceQuality "1"]

1. d4 d5 2. Nf3 Nf6 3. g3 e6 4. Bg2 Bd6 5. c4 c6 6. Qc2 0-0 7. 0-0 Nbd7 8. Rd1 Qe7 9. Nc3 dxc4 10. Nd2 Nb6 11. a4 e5 12. dxe5 Bxe5 13. a5 Nbd5 14. Nxc4 Bxc3 15. bxc3 Be6 16. Ba3 c5 17. e4 Nc7 18. Nd6 Na6 19. e5 Nd7 20. Bxb7 Nxe5 21. Bxa8 Rxa8 22. Qe4 Rd8 23. Qxe5 1-0